[Event "Open Int. d'Echecs des Sables d'Olonne 2"]
[Site "Les Sables d'Olonne ; France"]
[Date "2014.07.17"]
[Round "8.2"]
[White "Sumets, Andrey"]
[Black "Agrest, Evgenij"]
[Result "0-1"]
[WhiteElo "2632"]
[BlackElo "2587"]
[Annotator "Violeau,Jean-Luc"]
[PlyCount "102"]
[EventDate "2014.??.??"]

1. d4 d5 2. c4 c6 3. Nc3 Nf6 4. e3 Bf5 5. cxd5 cxd5 6. Qb3 Nc6 7. Qxb7 Bd7 8.
Qb3 Rb8 9. Qd1 e5 10. Nf3 Bd6 11. Be2 O-O 12. O-O e4 13. Ne1 Qe7 14. b3 Rfc8
15. Bb2 Nd8 16. Rc1 Bb4 17. Nb1 Bd6 18. Nc2 Qf8 19. f4 exf3 20. Bxf3 Ne6 21.
Nc3 Bc6 22. Ne1 Qe7 23. Nd3 Ng5 24. Qd2 Nge4 25. Bxe4 dxe4 26. Nf4 Bb7 27. Nce2
Bb4 28. Bc3 Ba3 29. Rcd1 g5 30. Nh3 Nd5 31. Ba5 f6 32. Ng3 Qe6 33. Qf2 Ba6 34.
Rfe1 Rb5 35. b4 Bxb4 36. Bxb4 Nxb4 37. a4 Rd5 38. Qd2 Nc2 39. Rf1 Bxf1 40. Rxf1
h6 41. Rc1 Na3 42. Rxc8+ Qxc8 43. Nxe4 Kg7 44. Nhf2 Qc2 45. Qe1 Nc4 46. g4 Rd8
47. Kg2 Rb8 48. Kf3 Rb3 49. Nd1 Qxh2 50. Ndc3 h5 51. Nc5 Nd2+ {0-1 Sumets,A 
(2632)-Agrest,E (2587)/LES SABLES D OLONNE 2014} 0-1

[Event "Open Int. d'Echecs des Sables d'Olonne 2"]
[Site "Les Sables d'Olonne ; France"]
[Date "2014.07.17"]
[Round "8.3"]
[White "Degraeve, Jean-Marc"]
[Black "Sriram, Jha"]
[Result "0-1"]
[WhiteElo "2579"]
[BlackElo "2375"]
[Annotator "Violeau,Jean-Luc"]
[PlyCount "80"]
[EventDate "2014.??.??"]

1. e4 e5 2. Nf3 Nc6 3. Bc4 Nf6 4. d3 Be7 5. O-O O-O 6. a4 d5 7. exd5 Nxd5 8.
Nbd2 Bg4 9. h3 Bh5 10. a5 Rb8 11. c3 Kh8 12. Ne4 f5 13. Ng3 Bg6 14. Qb3 Nf4 15.
Bxf4 exf4 16. Ne2 Bh5 17. Ned4 Nxd4 18. Nxd4 Rf6 19. Ne6 Qd6 20. f3 b5 21. axb6
Rxb6 22. Qa2 Rxe6 23. Bxe6 Qxe6 24. Qxe6 Rxe6 25. d4 a6 26. Rfe1 Re3 27. Rxe3
fxe3 28. Rxa6 Kg8 29. Re6 Bg5 30. Re5 Bf4 31. Rxf5 g5 32. h4 Bg6 33. Rxg5 Bxg5
34. hxg5 Bd3 35. f4 Kf7 36. g3 Ke6 37. Kg2 Be2 38. b3 Kf5 39. c4 Ke4 40. d5 Bd1
{0-1 Degraeve,J (2579)-Sriram,J (2375)/LES SABLES D OLONNE 2014} 0-1

[Event "Open Int. d'Echecs des Sables d'Olonne 2"]
[Site "Les Sables d'Olonne ; France"]
[Date "2014.07.17"]
[Round "8.4"]
[White "Okhotnik, Vladimir"]
[Black "Greenfeld, Alon"]
[Result "1/2-1/2"]
[WhiteElo "2396"]
[BlackElo "2540"]
[Annotator "Violeau,Jean-Luc"]
[PlyCount "86"]
[EventDate "2014.??.??"]

1. d4 d5 2. Nf3 c5 3. c3 Nf6 4. g3 e6 5. Bg2 Bd6 6. O-O O-O 7. Nbd2 Nc6 8. Re1
cxd4 9. cxd4 Bd7 10. Nb3 Ne4 11. Nfd2 Nf6 12. e4 dxe4 13. Nxe4 Nxe4 14. Bxe4
Nb4 15. Bxb7 Rb8 16. Bg2 Ba4 17. Re3 Qb6 18. Qd2 Rfc8 19. Nc5 Bxc5 20. dxc5
Rxc5 21. Rc3 Rd8 22. Qxd8+ Qxd8 23. Rxc5 Qd1+ 24. Bf1 h6 25. b3 Bc6 26. Bb2 Qf3
27. Rxc6 Qxc6 28. Rc1 Qf3 29. Rc3 Qd1 30. Rc8+ Kh7 31. Rc7 Kg6 32. Rxa7 Qd2 33.
Ra4 h5 34. Bc1 Qe1 35. h4 Nc2 36. Ba3 e5 37. Bc5 Qd1 38. Ra6+ f6 39. b4 Ne1 40.
Rd6 Nf3+ 41. Kg2 Ne1+ 42. Kg1 Nf3+ 43. Kg2 Ne1+ {1/2-1/2 Okhotnik,V (2396)
-Greenfeld,A (2540)/LES SABLES D OLONNE 2014} 1/2-1/2

[Event "Open Int. d'Echecs des Sables d'Olonne 2"]
[Site "Les Sables d'Olonne ; France"]
[Date "2014.07.17"]
[Round "8.5"]
[White "Lagarde, Maxime"]
[Black "Keller, Christophe"]
[Result "1-0"]
[WhiteElo "2521"]
[BlackElo "2140"]
[PlyCount "43"]
[EventDate "2014.??.??"]

1. g3 Nf6 2. Bg2 d5 3. Nf3 e6 4. O-O Be7 5. d3 c5 6. Nbd2 Nc6 7. e4 O-O 8. Re1
b5 9. h4 a5 10. e5 Nd7 11. Nf1 b4 12. N1h2 Ba6 13. Bg5 Bxg5 14. hxg5 Nd4 15.
Nxd4 cxd4 16. Qd2 Qc7 17. Ng4 Kh8 18. Rac1 Rac8 19. Bf3 Qb8 20. Kg2 Rc6 21. Rh1
Rfc8 22. Qf4 1-0

[Event "Open Int. d'Echecs des Sables d'Olonne 2"]
[Site "Les Sables d'Olonne ; France"]
[Date "2014.07.17"]
[Round "8.6"]
[White "Meijers, Viesturs"]
[Black "Chabanon, Jean-Luc"]
[Result "1/2-1/2"]
[WhiteElo "2475"]
[BlackElo "2477"]
[PlyCount "54"]
[EventDate "2014.??.??"]

1. Nf3 d5 2. d4 c6 3. g3 Bf5 4. Bg2 e6 5. O-O Nd7 6. Nbd2 Ngf6 7. c4 Be7 8. b3
O-O 9. Nh4 Bg4 10. h3 Bh5 11. g4 Bg6 12. Nxg6 hxg6 13. a4 Bb4 14. Ba3 Bxa3 15.
Rxa3 Qe7 16. Ra2 e5 17. dxe5 Nxe5 18. Qa1 d4 19. Nf3 Nxf3+ 20. Bxf3 Ne4 21.
Bxe4 Qxe4 22. c5 Rad8 23. Rd1 d3 24. Rad2 dxe2 25. Rxd8 exd1=Q+ 26. Qxd1 Rxd8
27. Qxd8+ Kh7 1/2-1/2

[Event "Open Int. d'Echecs des Sables d'Olonne 2"]
[Site "Les Sables d'Olonne ; France"]
[Date "2014.07.17"]
[Round "8.7"]
[White "Le Roux, Jean-Pierre"]
[Black "Deslandes, Pascal"]
[Result "1-0"]
[WhiteElo "2560"]
[BlackElo "2291"]
[PlyCount "49"]
[EventDate "2014.??.??"]

1. d4 Nf6 2. Bg5 Ne4 3. Bf4 d5 4. e3 g6 5. Bd3 Bg7 6. Bxe4 dxe4 7. Nc3 c5 8.
Nge2 cxd4 9. exd4 Nc6 10. d5 Ne5 11. Nxe4 Bf5 12. N2g3 Qa5+ 13. Qd2 Qa6 14. Qc3
Rc8 15. Nxf5 Rxc3 16. Nxg7+ Kd7 17. bxc3 Qc4 18. f3 Ng4 19. Rb1 b6 20. Rb4 Qxa2
21. O-O Nf6 22. Nxf6+ exf6 23. Re1 Kc8 24. Ne8 Qxd5 25. Rd4 1-0

[Event "Open Int. d'Echecs des Sables d'Olonne 2"]
[Site "Les Sables d'Olonne ; France"]
[Date "2014.07.17"]
[Round "8.8"]
[White "Da Silva, Quentin"]
[Black "Tirard, Hugo"]
[Result "0-1"]
[WhiteElo "1994"]
[BlackElo "2439"]
[PlyCount "76"]
[EventDate "2014.??.??"]

1. e4 c5 2. Nf3 Nc6 3. d4 cxd4 4. Nxd4 Nf6 5. Nc3 e5 6. Ndb5 d6 7. Bg5 a6 8.
Na3 b5 9. Nd5 Be7 10. Bxf6 Bxf6 11. c4 b4 12. Nc2 Rb8 13. b3 O-O 14. h4 Be6 15.
g3 Kh8 16. Qd2 a5 17. Rd1 Re8 18. Bg2 Rc8 19. O-O Bxd5 20. Qxd5 Nd4 21. Nxd4
exd4 22. Qh5 Rc5 23. Qf3 Qe7 24. Qd3 g5 25. hxg5 Rxg5 26. f4 Rg6 27. Kf2 Reg8
28. Rh1 Qa7 29. e5 dxe5 30. Be4 exf4 31. gxf4 Qc7 32. Qf3 R6g7 33. Rh6 Rg2+ 34.
Ke1 R8g3 35. Qxg2 Rxg2 36. Bxg2 Qxf4 37. Rh3 Bh4+ 38. Ke2 Qg4+ 0-1

[Event "Open Int. d'Echecs des Sables d'Olonne 2"]
[Site "Les Sables d'Olonne ; France"]
[Date "2014.07.17"]
[Round "8.9"]
[White "Gallois, Jerome"]
[Black "Saada, Julien"]
[Result "0-1"]
[WhiteElo "1948"]
[BlackElo "2378"]
[PlyCount "74"]
[EventDate "2014.??.??"]

1. e4 c6 2. d4 d5 3. exd5 cxd5 4. Nf3 Nf6 5. c3 Nc6 6. Bf4 g6 7. Bd3 Bg7 8.
Nbd2 O-O 9. O-O Bf5 10. Bxf5 gxf5 11. Ne5 e6 12. Re1 Ne4 13. Nxe4 fxe4 14. Nxc6
bxc6 15. Qh5 Qf6 16. Be5 Qg6 17. Qxg6 hxg6 18. Bxg7 Kxg7 19. Re3 f5 20. f4 a5
21. Rb1 a4 22. h4 Rfc8 23. Kf2 c5 24. dxc5 Rxc5 25. Rg3 Kf6 26. Ke2 Rg8 27. Rh3
e5 28. Ke3 Rb8 29. fxe5+ Kxe5 30. Kd2 f4 31. h5 g5 32. h6 Rh8 33. b4 axb3 34.
axb3 Ra5 35. Rb2 Ra6 36. h7 Ra7 37. Rh5 Kf5 0-1

[Event "Open Int. d'Echecs des Sables d'Olonne 2"]
[Site "Les Sables d'Olonne ; France"]
[Date "2014.07.18"]
[Round "9.2"]
[White "Le Roux, Jean-Pierre"]
[Black "Lagarde, Maxime"]
[Result "1/2-1/2"]
[WhiteElo "2560"]
[BlackElo "2521"]
[Annotator "Violeau,Jean-Luc"]
[PlyCount "106"]
[EventDate "2014.??.??"]

1. e4 c5 2. c3 e6 3. Nf3 d5 4. exd5 exd5 5. Bb5+ Bd7 6. Bxd7+ Qxd7 7. O-O Bd6
8. d4 c4 9. b3 cxb3 10. axb3 Ne7 11. c4 O-O 12. c5 Bc7 13. b4 a6 14. Nc3 Nbc6
15. b5 axb5 16. Rxa8 Rxa8 17. Nxb5 h6 18. Re1 Ra1 19. Nxc7 Qxc7 20. Qe2 Qa5 21.
Bd2 Qa4 22. Rxa1 Qxa1+ 23. Qf1 Qa4 24. Be3 Nf5 25. h3 Qb3 26. Qe1 Qd3 27. g4
Nfe7 28. Qf1 Qe4 29. Nd2 Qe6 30. Nf3 f5 31. Qg2 Ng6 32. gxf5 Qxf5 33. Qg4 Qf7
34. h4 Kh8 35. h5 Nge7 36. Nh4 Qf6 37. Ng2 Nf5 38. Nf4 Ncxd4 39. Nxd5 Qe5 40.
Bxd4 Qxd5 41. Bb2 Qxc5 42. Qg6 Qf8 43. Qe6 b5 44. Bc3 Kh7 45. Qd5 Ne7 46. Qe4+
Nf5 47. Qd5 b4 48. Bxb4 Qf6 49. Bd2 Qa1+ 50. Kh2 Qb1 51. Bc3 Qc2 52. Qg2 Kg8
53. Qd5+ Kh7 {1/2-1/2 Le Roux,J (2560)-Lagarde,M (2521)/LES SABLES D OLONNE
2014} 1/2-1/2

[Event "Open Int. d'Echecs des Sables d'Olonne 2"]
[Site "Les Sables d'Olonne ; France"]
[Date "2014.07.18"]
[Round "9.3"]
[White "Sriram, Jha"]
[Black "Kunin, Vitaly"]
[Result "0-1"]
[WhiteElo "2375"]
[BlackElo "2567"]
[Annotator "Violeau,Jean-Luc"]
[PlyCount "142"]
[EventDate "2014.??.??"]

1. d4 f5 2. g3 Nf6 3. Bg2 g6 4. b3 Bg7 5. Bb2 O-O 6. Nf3 d6 7. O-O c6 8. c4 a5
9. Qc2 Na6 10. a3 Kh8 11. Nbd2 Nc7 12. Rfe1 d5 13. Rac1 Nce8 14. Ne5 Be6 15.
Ndf3 Ne4 16. e3 N8f6 17. Nd3 Bg8 18. Nfe5 a4 19. b4 dxc4 20. Nxc4 Nd6 21. Nce5
Bb3 22. Qe2 Nfe4 23. f3 Ng5 24. Nc5 Bg8 25. Qd1 Ne6 26. Nxa4 Nb5 27. f4 Nec7
28. Nc5 Ra7 29. a4 Nd6 30. a5 Ndb5 31. h4 Bd5 32. Ncd7 Bxg2 33. Kxg2 Nd5 34.
Nxf8 Qxf8 35. h5 Qf6 36. hxg6 hxg6 37. g4 Nd6 38. g5 Qe6 39. Qf3 Kg8 40. Nd3
Ne4 41. Re2 Ra8 42. Rh1 Kf7 43. Rh7 Kg8 44. Rh1 Kf7 45. Ne5+ Bxe5 46. dxe5 Rg8
47. Bd4 Nxb4 48. Rb1 Qc4 49. Reb2 Nd3 50. Rxb7 Ke6 51. Qd1 Qa2+ 52. R1b2 Nxb2
53. Bxb2 Nc5 54. Rb6 Rc8 55. Qd2 Nb3 56. Qc2 Nxa5 57. Kg3 Nc4 58. Rb3 Qa4 59.
Bc1 Rb8 60. Rc3 Qxc2 61. Rxc2 Kd5 62. Rc3 c5 63. Kf3 Rb1 64. Ke2 Na5 65. Ba3
Nb3 66. Kd3 Ra1 67. Bb2 Ra2 68. Rc2 c4+ 69. Kc3 Nc5 70. e4+ Nxe4+ 71. Kb4 c3 {
0-1 Sriram,J (2375)-Kunin,V (2567)/LES SABLES D OLONNE 2014} 0-1

[Event "Open Int. d'Echecs des Sables d'Olonne 2"]
[Site "Les Sables d'Olonne ; France"]
[Date "2014.07.18"]
[Round "9.4"]
[White "Greenfeld, Alon"]
[Black "Bedouin, Xavier"]
[Result "1-0"]
[WhiteElo "2540"]
[BlackElo "2341"]
[Annotator "Violeau,Jean-Luc"]
[PlyCount "49"]
[EventDate "2014.??.??"]

1. d4 Nf6 2. Nf3 g6 3. c4 Bg7 4. g3 d5 5. cxd5 Nxd5 6. Bg2 Nb6 7. Nc3 Nc6 8. e3
O-O 9. O-O Re8 10. h3 a5 11. d5 Ne5 12. Nxe5 Bxe5 13. e4 e6 14. Bh6 exd5 15.
exd5 Bd7 16. Re1 Nc4 17. Rxe5 Rxe5 18. Qd4 Qe7 19. f4 c5 20. dxc6 Qc5 21. Qxc5
Rxc5 22. cxd7 Nb6 23. Na4 Rb5 24. Nxb6 Rxb6 25. Rc1 {1-0 Greenfeld,A (2540)
-Bedouin,X (2341)/LES SABLES D OLONNE 2014} 1-0